Les sites Internet les plus visités par les français - Statistiques

Statistiques générales
  • Ce quiz a été pris 218 fois
  • Le résultat moyen est 14 sur 50
Statistiques - réponses
Rang Site Internet Visiteurs uniques par mois en milliers % Correct
1 Google 50 628
92%
2 Facebook 45 922
90%
3 Youtube 44 883
85%
8 Instagram 25 816
78%
20 Twitter 17 185
75%
6 Amazon 27 736
74%
5 Leboncoin 28 056
52%
29 Snapchat 15 213
49%
4 Wikipedia 29 541
49%
11 Yahoo 20 944
49%
19 Le Monde 17 245
41%
48 eBay 11 607
39%
7 Orange 26 460
38%
10 Apple 21 654
32%
15 Le Figaro 19 397
32%
23 SFR 16 166
30%
18 L'Equipe 17 402
29%
46 Bing 11 907
28%
40 FNAC 13 421
28%
9 Microsoft 22 963
28%
33 Free 14 166
27%
16 Cdiscount 18 946
25%
39 MSN 13 640
24%
35 La Poste 14 039
23%
26 Linkedin 15 894
23%
27 Samsung 15 633
19%
21 Le Parisien 16 322
18%
24 Whatsapp 16 074
18%
44 Credit Agricole 12 307
17%
43 Meteo France 12 809
16%
30 Pinterest 15 169
16%
36 AlloCiné 13 852
14%
28 BFM TV 15 395
13%
41 Marmiton 13 222
13%
17 FranceInfo 18 818
11%
34 Ouest France 14 120
11%
14 Daylimotion 19 474
10%
38 vente-privée 13 714
10%
42 MYTF1 13 177
9%
12 PagesJaunes 20 473
8%
47 Booking.com 11 654
4%
49 Oui.SNCF 11 585
4%
37 Outlook.com 13 852
3%
22 Tele Loisirs 16 287
3%
31 impots.gouv.fr 15 106
2%
25 20minutes.fr 15 945
1%
45 Assurance Maladie 12 014
1%
32 Linternaute.com 14 442
0%
50 Service-Public.fr 11 447
0%
13 Windows Live 19 526
0%
Aucun quiz correspondant
Distribution des résultats
% des personnes avec chaque résultat
Percentile par nombre de réponses
Votre historique - résultats
Vous n’avez pas pris ce quiz